[Event "Lima Univ San Marcos 2nd"]
[Site "Lima"]
[Date "2007.04.03"]
[Round "4"]
[White "Alvarado, Luis"]
[Black "Ramos, Ernesto"]
[Result "0-1"]
[WhiteElo "1972"]
[BlackElo "2278"]
[PlyCount "71"]
[EventDate "2007.03.29"]
[EventType "swiss"]
[EventRounds "7"]
[EventCountry "PER"]
[SourceTitle "CBM 117 Extra"]
[Source "ChessBase"]
[SourceDate "2007.05.09"]
[SourceVersion "1"]
[SourceVersionDate "2007.05.09"]
[SourceQuality "1"]

1. e4 e5 2. Nf3 Nc6 3. Bb5 a6 4. Ba4 Nf6 5. 0-0 Be7 6. Re1 b5 7. Bb3 0-0 8. h3 d6 9. a3 Na5 10. Ba2 c5 11. d3 Qc7 12. Nbd2 Be6 13. Bxe6 fxe6 14. Ng5 Qd7 15. Nf1 Nc6 16. Ng3 h6 17. Nf3 Nh7 18. c3 Rf7 19. Be3 Raf8 20. b4 d5 21. exd5 exd5 22. Nh2 d4 23. cxd4 exd4 24. Bd2 c4 25. Ne4 Ne5 26. Nc5 Qf5 27. f4 Nxd3 28. g4 Qd5 29. Nxd3 cxd3 30. Qf3 Qb3 31. Qe4 Bh4 32. Reb1 Qc2 33. Nf3 Ng5 34. fxg5 Rxf3 35. gxh6 Qxd2 36. Qe6+ 0-1

[Event "Lima Castaneda Memorial op"]
[Site "Lima"]
[Date "2007.03.23"]
[Round "5"]
[White "Pacheco, Marco"]
[Black "Ramos, Ernesto"]
[Result "1-0"]
[WhiteElo "2362"]
[BlackElo "2278"]
[PlyCount "145"]
[EventDate "2007.03.19"]
[EventType "swiss"]
[EventRounds "7"]
[EventCountry "PER"]
[SourceTitle "CBM 117 Extra"]
[Source "ChessBase"]
[SourceDate "2007.05.09"]
[SourceVersion "1"]
[SourceVersionDate "2007.05.09"]
[SourceQuality "1"]

1. d4 Nf6 2. c4 e6 3. g3 d5 4. Bg2 Bb4+ 5. Bd2 Bxd2+ 6. Nxd2 0-0 7. Ngf3 c6 8. 0-0 Nbd7 9. Qc2 Re8 10. e4 Nxe4 11. Nxe4 dxe4 12. Qxe4 Qb6 13. b3 Nf6 14. Qe3 Bd7 15. Ne5 Rad8 16. c5 Qc7 17. Nc4 Bc8 18. Rfe1 Rf8 19. Rac1 Ng4 20. Qc3 f5 21. Nd6 Nf6 22. Qc4 Nd5 23. f4 Bd7 24. Bxd5 cxd5 25. Qb4 Rb8 26. Re3 h6 27. Qd2 b6 28. b4 a5 29. a3 axb4 30. axb4 Ra8 31. Qb2 Rfb8 32. Ra3 Rxa3 33. Qxa3 bxc5 34. bxc5 Bc6 35. Ra1 Ra8 36. Qc3 Rxa1+ 37. Qxa1 Kf8 38. Qa6 Ke7 39. Qc8 Qxc8 40. Nxc8+ Kd7 41. Nd6 Ba4 42. Kf2 Bd1 43. Ke1 Bh5 44. Kd2 Kc6 45. h4 Kc7 46. Kc3 Kd7 47. Kb4 Kc6 48. Ka5 Kc7 49. Nb5+ Kc6 50. Nc3 Bg4 51. Na2 Kc7 52. Ka6 Be2+ 53. Ka7 Bb5 54. Nb4 Bf1 55. Nc2 Bd3 56. Ne3 Be2 57. Nc2 Bd3 58. Nb4 Bf1 59. Na2 Bb5 60. Nc3 Be8 61. Ka6 Bh5 62. Ka5 Bf3 63. Kb5 Bh5 64. Kb4 Kc6 65. Na2 Be2 66. Nc1 Bf1 67. Kc3 Kb5 68. Kd2 Kc6 69. Nd3 Kc7 70. Ne5 Bb5 71. Ke3 Be8 72. g4 fxg4 73. Nxg4 1-0

[Event "Huacho op 2nd"]
[Site "Huacho"]
[Date "2004.09.18"]
[Round "6"]
[White "Ramos, Ernesto"]
[Black "Pacheco, Marco"]
[Result "1-0"]
[WhiteElo "2257"]
[BlackElo "2301"]
[PlyCount "117"]
[EventDate "2004.09.15"]
[EventType "swiss"]
[EventRounds "9"]
[EventCountry "PER"]
[SourceTitle "CBM 102 Extra"]
[Source "ChessBase"]
[SourceDate "2004.11.03"]
[SourceVersion "1"]
[SourceVersionDate "2004.11.03"]
[SourceQuality "1"]

1. d4 d5 2. c4 c6 3. e3 Nf6 4. Nc3 a6 5. Nf3 b5 6. cxb5 cxb5 7. a4 b4 8. Nb1 e6 9. Nbd2 Bd6 10. Bd3 Bb7 11. Ne5 Nbd7 12. f4 Ne4 13. 0-0 0-0 14. a5 f6 15. Nxd7 Qxd7 16. Qb3 f5 17. Nxe4 fxe4 18. Be2 Bc6 19. Bg4 Bb5 20. Rf2 Bc4 21. Qa4 Bb5 22. Qb3 Bc4 23. Qa4 Qe7 24. Bd2 g6 25. Be1 Rac8 26. Rc2 Bb5 27. Qb3 Bd3 28. Rxc8 Rxc8 29. Bh4 Qf7 30. Qd1 Rc7 31. b3 Qd7 32. Rc1 Rxc1 33. Qxc1 Kf7 34. Be1 h5 35. Bd1 Bb5 36. g4 hxg4 37. Bxg4 Qd8 38. Qc2 Bd7 39. Qg2 Qxa5 40. Qh3 Bf8 41. Qh7+ Bg7 42. h4 Qa1 43. Kf2 Qb2+ 44. Kg3 Qc1 45. Bf2 Qc8 46. h5 gxh5 47. Qxh5+ Kf8 48. Kh3 Qe8 49. Qh7 Qf7 50. Bh4 Be8 51. Bd8 Bf6 52. Qh6+ Bg7 53. Qxe6 Kg8 54. Qxa6 Bd7 55. Qe2 Qe8 56. Bg5 Qh5+ 57. Kg3 Bxg4 58. Qxg4 Qh1 59. Qe6+ 1-0

[Event "Huacho op 2nd"]
[Site "Huacho"]
[Date "2004.09.17"]
[Round "5"]
[White "Ramos, Ernesto"]
[Black "Cruz Estrada, Filemon"]
[Result "1-0"]
[WhiteElo "2257"]
[BlackElo "2364"]
[PlyCount "77"]
[EventDate "2004.09.15"]
[EventType "swiss"]
[EventRounds "9"]
[EventCountry "PER"]
[SourceTitle "CBM 102 Extra"]
[Source "ChessBase"]
[SourceDate "2004.11.03"]
[SourceVersion "1"]
[SourceVersionDate "2004.11.03"]
[SourceQuality "1"]

1. d4 c5 2. e3 g6 3. Nf3 Bg7 4. Be2 Nf6 5. 0-0 0-0 6. c4 cxd4 7. exd4 d5 8. Nc3 Nc6 9. Bg5 Ne4 10. Be3 Nxc3 11. bxc3 dxc4 12. Bxc4 Qc7 13. Bb3 Na5 14. Qd2 Nxb3 15. axb3 Be6 16. Rab1 Rac8 17. Rfc1 Rfd8 18. Bh6 Bd5 19. Bxg7 Kxg7 20. Ne1 b6 21. Qe3 Ba8 22. Nd3 e6 23. Ne5 h5 24. Rb2 Qe7 25. Re2 Qf6 26. h3 Rd5 27. Ra1 a5 28. b4 Rc7 29. c4 Rd8 30. bxa5 bxa5 31. Rxa5 Qe7 32. Rea2 Bb7 33. Ra7 f6 34. Nd3 Rxc4 35. Nc5 Rxc5 36. dxc5 Rd1+ 37. Kh2 Qc7+ 38. Qg3 Qc6 39. Rb2 1-0

[Event "Sao Paulo Itau Cup 7th"]
[Site "Sao Paulo"]
[Date "2003.09.28"]
[Round "2"]
[White "Ramos, Ernesto"]
[Black "Vallejos, Jose Antonio"]
[Result "0-1"]
[WhiteElo "2277"]
[BlackElo "2040"]
[PlyCount "86"]
[EventDate "2003.10.??"]
[EventType "swiss"]
[EventRounds "9"]
[EventCountry "BRA"]
[SourceTitle "CBM 096 Extra"]
[Source "ChessBase"]
[SourceDate "2003.10.22"]
[SourceVersion "2"]
[SourceVersionDate "2003.10.20"]
[SourceQuality "1"]

1. d4 c5 2. e3 Nf6 3. c4 g6 4. Nf3 Bg7 5. Be2 0-0 6. 0-0 d6 7. Nc3 Nbd7 8. b3 cxd4 9. exd4 b6 10. Bg5 Bb7 11. Qd2 Re8 12. Rad1 a6 13. Qf4 Qc7 14. Rc1 e5 15. Qh4 exd4 16. Nxd4 Ne4 17. Nd5 Bxd5 18. cxd5 Ndc5 19. Be3 Qb7 20. Nc6 Nc3 21. Rc2 Re4 22. Qg5 h6 23. Qg3 Nxd5 24. Bf3 Nxe3 25. fxe3 Rxe3 26. Qxd6 Rf8 27. b4 Nd3 28. Bd5 b5 29. Rd2 Nb2 30. Qxg6 Nc4 31. Rdf2 Ne5 32. Rxf7 Nxf7 33. h3 Qd7 34. Bb3 Rxb3 35. axb3 Rc8 36. Rc1 Re8 37. Qc2 Qd6 38. Rd1 Qg3 39. Rf1 Ng5 40. Qf5 Qxb3 41. h4 Ne4 42. Rc1 Qe3+ 43. Kh2 Qxc1 0-1

[Event "Sao Paulo zt 2.4"]
[Site "Sao Paulo"]
[Date "2003.09.22"]
[Round "4"]
[White "Ramos, Ernesto"]
[Black "Leitao, Rafael Duailibe"]
[Result "0-1"]
[WhiteElo "2277"]
[BlackElo "2550"]
[PlyCount "102"]
[EventDate "2003.09.19"]
[EventType "tourn"]
[EventRounds "9"]
[EventCountry "BRA"]
[EventCategory "9"]
[SourceTitle "CBM 098"]
[Source "ChessBase"]
[SourceDate "2004.02.03"]
[SourceVersion "1"]
[SourceVersionDate "2004.02.03"]
[SourceQuality "1"]

1. d4 Nf6 2. c4 e6 3. Nf3 b6 4. g3 Ba6 5. b3 Bb4+ 6. Bd2 Be7 7. Bg2 d5 8. 0-0 0-0 9. Nc3 Bb7 10. cxd5 exd5 11. Rc1 Na6 12. e3 c5 13. Ne5 Nc7 14. Na4 Ne6 15. Bc3 Rc8 16. Bb2 Re8 17. Qd3 a6 18. Qf5 Bf8 19. dxc5 bxc5 20. Nc4 Ne4 21. Rfd1 g6 22. Qf3 Qe7 23. Na5 Rcd8 24. Qe2 Qc7 25. Nxb7 Qxb7 26. Qc2 f5 27. f3 Nd6 28. Bf6 Rd7 29. Rd2 Rc8 30. Rcd1 d4 31. Qd3 c4 32. Qe2 d3 33. Qf1 Bh6 34. f4 Ne4 35. bxc4 Qb4 36. Bxe4 fxe4 37. Nb2 Rf8 38. Be5 Ng5 39. Nxd3 exd3 40. Rxd3 Rxd3 41. Qxd3 Nf3+ 42. Kh1 Nxe5 43. fxe5 Qe7 44. Qe4 Re8 45. Rd5 Qf7 46. Kg2 Rf8 47. Kh3 Qf1+ 48. Kg4 Qe2+ 49. Kh3 Rf2 50. Rd8+ Bf8 51. Rxf8+ Kxf8 0-1

[Event "Sao Paulo zt 2.4"]
[Site "Sao Paulo"]
[Date "2003.09.21"]
[Round "3"]
[White "Ramos, Ernesto"]
[Black "Milos, Gilberto"]
[Result "0-1"]
[WhiteElo "2277"]
[BlackElo "2592"]
[PlyCount "70"]
[EventDate "2003.09.19"]
[EventType "tourn"]
[EventRounds "9"]
[EventCountry "BRA"]
[EventCategory "9"]
[SourceTitle "CBM 098"]
[Source "ChessBase"]
[SourceDate "2004.02.03"]
[SourceVersion "1"]
[SourceVersionDate "2004.02.03"]
[SourceQuality "1"]

1. d4 Nf6 2. c4 e6 3. Nf3 b6 4. e3 Bb7 5. Bd3 d5 6. 0-0 Bd6 7. b4 dxc4 8. Bxc4 0-0 9. a3 Nbd7 10. Nc3 a6 11. Bb2 e5 12. dxe5 Nxe5 13. Nxe5 Bxe5 14. Qe2 b5 15. Bb3 Qe7 16. Rad1 c5 17. bxc5 Qxc5 18. Rc1 Qe7 19. f4 Bd6 20. a4 b4 21. Nd1 Ne4 22. Qg4 Nf6 23. Qg5 Rac8 24. Rxc8 Rxc8 25. Bd4 Bc5 26. Be5 Ne8 27. Qg3 Kh8 28. Nf2 f6 29. Ng4 Nd6 30. Kh1 Nf5 31. Qh3 fxe5 32. Nxe5 Nh6 33. Rc1 Rd8 34. e4 Bd6 35. Qh5 Re8 0-1

[Event "Sao Paulo zt 2.4"]
[Site "Sao Paulo"]
[Date "2003.09.20"]
[Round "2"]
[White "Granda Zuniga, Julio E"]
[Black "Ramos, Ernesto"]
[Result "1-0"]
[WhiteElo "2641"]
[BlackElo "2277"]
[PlyCount "85"]
[EventDate "2003.09.19"]
[EventType "tourn"]
[EventRounds "9"]
[EventCountry "BRA"]
[EventCategory "9"]
[SourceTitle "CBM 098"]
[Source "ChessBase"]
[SourceDate "2004.02.03"]
[SourceVersion "1"]
[SourceVersionDate "2004.02.03"]
[SourceQuality "1"]

1. d4 Nf6 2. c4 g6 3. Nc3 d6 4. e4 Bg7 5. Bd3 0-0 6. Nge2 c5 7. d5 e6 8. 0-0 exd5 9. cxd5 Ng4 10. Bc2 a6 11. a4 b6 12. h3 Ne5 13. f4 Ned7 14. Be3 a5 15. Nb5 Qf6 16. Nec3 Na6 17. Qd2 Qe7 18. Rae1 f6 19. Bb3 Kh8 20. Bf2 Bb7 21. h4 Bh6 22. Bg3 Rae8 23. Qd1 Rg8 24. Bc4 Nb4 25. b3 Ba6 26. Nc7 Bxc4 27. bxc4 Rc8 28. Ne6 Nf8 29. Nxf8 Rgxf8 30. Nb5 Bg7 31. Rf2 Rcd8 32. Qf3 f5 33. e5 dxe5 34. fxe5 f4 35. Bxf4 Rxf4 36. Qxf4 Nd3 37. Qe4 Nxe1 38. e6 Bf6 39. Qxe1 Bxh4 40. Qe5+ Qg7 41. Qxg7+ Kxg7 42. Rf7+ Kh6 43. e7 1-0

[Event "PER-ch serie A"]
[Site "Lima"]
[Date "2002.??.??"]
[Round "3"]
[White "Lopez, Dante"]
[Black "Ramos, Ernesto"]
[Result "1/2-1/2"]
[WhiteElo "2180"]
[BlackElo "2285"]
[PlyCount "122"]
[EventDate "2002.09.09"]
[EventType "tourn"]
[EventRounds "9"]
[EventCountry "PER"]
[SourceTitle "CBM 090 Extra"]
[Source "ChessBase"]
[SourceDate "2002.11.07"]
[SourceVersion "1"]
[SourceVersionDate "2002.11.07"]
[SourceQuality "1"]

1. Nf3 Nf6 2. c4 e6 3. Nc3 d5 4. d4 Bb4 5. Bg5 0-0 6. Qb3 Be7 7. Bxf6 Bxf6 8. cxd5 exd5 9. Nxd5 Bxd4 10. Nxd4 c6 11. g3 cxd5 12. Bg2 Nc6 13. Qc3 Qb6 14. Nxc6 bxc6 15. 0-0 Ba6 16. Bf3 Rac8 17. Rfd1 Rfd8 18. Rd4 Rb8 19. b3 Bc8 20. Rc1 Be6 21. Qc5 Rdc8 22. Kg2 Qxc5 23. Rxc5 f5 24. e3 Kf7 25. Ra4 Rc7 26. b4 Ke7 27. a3 Kd6 28. Kf1 Bc8 29. Ke2 Rb5 30. Ra5 Rxc5 31. Rxc5 Ba6+ 32. Kd2 Rb7 33. Kc3 Bb5 34. Bd1 a5 35. Bb3 axb4+ 36. axb4 g5 37. f4 gxf4 38. exf4 Re7 39. Bxd5 Re3+ 40. Kc2 Re2+ 41. Kc3 Rxh2 42. Bc4 Bxc4 43. Kxc4 Rc2+ 44. Kd4 Rd2+ 45. Kc4 Rc2+ 46. Kd4 Rd2+ 47. Kc3 Rg2 48. Rxf5 Rxg3+ 49. Kc4 Rg6 50. Rh5 Re6 51. Kd4 h6 52. f5 Rf6 53. Ke4 Ke7 54. Rh1 Rd6 55. Ra1 Rd7 56. Ra6 Rb7 57. Rxc6 Rxb4+ 58. Ke5 Rb5+ 59. Kf4 Rb4+ 60. Kf3 h5 61. Rh6 h4 1/2-1/2

[Event "Lima 1st qual op"]
[Site "Lima"]
[Date "2002.??.??"]
[Round "8"]
[White "Oshiro Shinsato, Ronald"]
[Black "Ramos, Ernesto"]
[Result "1-0"]
[WhiteElo "2116"]
[BlackElo "2294"]
[PlyCount "93"]
[EventDate "2002.03.01"]
[EventType "swiss"]
[EventRounds "9"]
[EventCountry "PER"]
[SourceTitle "CBM 087 Extra"]
[Source "ChessBase"]
[SourceDate "2002.05.03"]
[SourceVersion "2"]
[SourceVersionDate "2002.08.09"]
[SourceQuality "1"]

1. e4 e5 2. Nf3 Nc6 3. d4 exd4 4. Nxd4 Nxd4 5. Qxd4 Qf6 6. e5 Qb6 7. Qxb6 axb6 8. Nc3 Bb4 9. Bd2 Ne7 10. a3 0-0 11. 0-0-0 Bxc3 12. Bxc3 c6 13. Bd4 b5 14. g3 Re8 15. f4 Nd5 16. Bg2 b4 17. Bxd5 cxd5 18. axb4 b5 19. Kd2 Bb7 20. Ra1 Bc6 21. Bc5 f6 22. Rxa8 Bxa8 23. exf6 gxf6 24. Re1 Re4 25. f5 Kf7 26. Rxe4 dxe4 27. Bd6 h5 28. Ke3 Ke8 29. b3 Kd8 30. c4 Bc6 31. cxb5 Bxb5 32. Kxe4 Be2 33. Ke3 Bd1 34. Kf4 Bxb3 35. h3 Bc4 36. g4 hxg4 37. hxg4 Ke8 38. g5 fxg5+ 39. Kxg5 Kf7 40. Kf4 Bb3 41. Ke5 Bc2 42. f6 Bb3 43. Bc5 Ba2 44. Bd4 Ke8 45. b5 Kd8 46. Kd6 Bf7 47. b6 1-0

[Event "PER-ch Regional Centro"]
[Site "Lima"]
[Date "2002.??.??"]
[Round "4"]
[White "Pacheco, Marco"]
[Black "Ramos, Ernesto"]
[Result "1/2-1/2"]
[WhiteElo "2201"]
[BlackElo "2294"]
[PlyCount "39"]
[EventDate "2002.03.26"]
[EventType "swiss"]
[EventRounds "9"]
[EventCountry "PER"]
[SourceTitle "EXT 2003"]
[Source "ChessBase"]
[SourceDate "2002.11.25"]
[SourceVersion "1"]
[SourceVersionDate "2002.11.25"]
[SourceQuality "1"]

1. d4 Nf6 2. Nf3 e6 3. c4 b6 4. g3 Bb7 5. Bg2 Bb4+ 6. Bd2 Bxd2+ 7. Qxd2 d6 8. Nc3 Nbd7 9. 0-0 0-0 10. d5 e5 11. Ne1 a5 12. Nd3 Nc5 13. Nxc5 bxc5 14. e4 Nd7 15. b3 Bc8 16. Bh3 Re8 17. Rae1 Nf8 18. Bxc8 Qxc8 19. Re3 Ng6 20. Qe2 1/2-1/2